000 01658cam#a2200349#a#4500
003 PE-LiUPU
005 20250731183449.0
008 240926b |||||||| |||| 00| 0 spa d
020 _a9788446042273
040 _aBN
_bspa
_cPE-LiUPU
_dPE-LiUPU
_erda
072 _aNA
_2lcco
082 _223
_a720.9
_bT759a
100 1 _aTrachtenberg, Marvin,
_d1939-
245 1 0 _aArquitectura :
_bde la prehistoria a la postmodernidad : la tradición occidental /
_cMarvin Trachtenberg, Isabelle Hyman ; traducción Alicia González Sterling.
264 _aMadrid :
_bAkal,
_c1990.
300 _a750 páginas ;
_bprofusamente ilustrado, algunos a color ;
_c26 centímetros.
490 1 _a(Arte y estética ;
_v24)
500 _aTítulo original: Architecture, from prehistory to post-modernism.
500 _aGlosario: p. [719]-727.
500 _aIndice onomástico: p. [735]-748.
504 _aBibliografía: p. [729]-734.
505 _aEl mundo antiguo -- La arquitectura antes de Grecia -- Grecia -- Roma -- La edad media -- Arquitectura paleocristiana y bizatina -- Arquitectura románica y prerrománica -- Islam y Occidente -- Arquitectura gótica -- El Renacimiento y el Barroco -- El Renacimiento -- El Barroco -- El mundo moderno -- El siglo XVIII -- El siglo XIX -- Arquitectura moderna -- Segundo modernismo (Postmodernidad).
526 _aP158
526 _aP146
526 _aP17
526 _aP12
526 _aP06
650 1 4 _aArquitectura
_xHistoria.
700 1 _aHyman, Isabelle,
_d1930-
_ecolab.
942 _2ddc
_cBK
_n0
999 _c62636
_d62635
980 _618226
_aJaime Vilcazán Jefe de Análisis Documental
_81
_gALBERTO SANCHEZ Responsable de Automatización